Druhá z mojich štyroch

Bibliographic Details
Main Author: Jevtušenko, Jevgenij Aleksandrovič, 1933-2017 (Author)
Other Authors: Marušiak, Ondrej, 1926-2008 (Translator)
Format: Article
Language:Slovak
PhysicalDescription:Fotogr. 1
ISSN:0862-5999
Subjects:

MARC

LEADER 00000nab a2200000 a 4500
001 vtls000594327
003 SK-MaSNL
005 20260303015508.0
008 140422c1996 xo 0 slo
015 |a SNBRB19rr/mm-uuuuu 
035 |a CL0594466 
040 |a SNKBUCL  |b slo  |c SNKBUCL  |e AACR2 
041 0 |a slo 
044 |a xo  |c SK 
080 |a 882-94  |2 1981 
100 1 |a Jevtušenko, Jevgenij Aleksandrovič,  |d 1933-2017  |4 aut  |9 162754 
245 1 0 |a Druhá z mojich štyroch  |c Jevgenij Aleksandrovič Jevtušenko ; Prekl. Ondrej Marušiak 
300 |b Fotogr. 1 
650 0 7 |a prózy spomienkové  |2 snkbucl  |9 900278 
655 7 |a články z novín a časopisov  |2 snkbucl  |9 267496 
655 7 |a články z odboru literárna veda a krásna literatúra  |2 snkbucl  |9 770045 
700 1 |a Marušiak, Ondrej,  |d 1926-2008  |4 trl  |9 90032 
773 0 |t Literárny týždenník  |g Roč. 9, č. 25 (1996), s. 9  |x 0862-5999 
850 |a Slovenská národná knižnica v Martine  |a MTA001 
852 |a SNK  |b KIS3GCP 
958 |a RK 
958 |a LX 
999 |c 1613113  |d 1615043